Zelený marketing a trend greenfluencerov: Súčasné výzvy pre značky v ére udržateľného rozvoja

Salvato in:
Dettagli Bibliografici
Autore principale: Lenická, Barbara, 2000-
Natura: Capitolo di libro
Lingua:slovacco
Tags: Aggiungi Tag
Nessun Tag, puoi essere il primo ad aggiungerne!!

MARC

LEADER 00000naa$a2200000$$$4500
001 0314444
005 20260123093707.9
041 0 |a slo 
044 |a SK 
245 1 0 |a Zelený marketing a trend greenfluencerov: Súčasné výzvy pre značky v ére udržateľného rozvoja  |c Barbara Lenická 
100 1 |a Lenická, Barbara, 2000-